Loading...
| Literature - British | 0 | 10 | 0 | 0 | 100 | 15 | 91.90 | 0 | 5 | 29.64 | 56.57 |
| Literature - World | 0 | 8 | 1 | 0 | 75 | 33 | 88.88 | 0 | 2 | 24.31 | 45.78 |
| Fine Arts - Painting and Sculpture | 0 | 8 | 1 | 1 | 75 | 55 | 85.75 | 0 | 6 | 21.21 | 45.14 |
| Literature - American | 0 | 7 | 1 | 0 | 65 | 76 | 106.00 | 0 | 2 | 15.15 | 42.63 |
| Literature - European | 0 | 7 | 2 | 0 | 60 | 71 | 104.57 | 1 | 1 | 14.69 | 38.57 |
| Mythology | 0 | 6 | 0 | 0 | 60 | 69 | 95.17 | 0 | 1 | 13.21 | 27.88 |
| Science - Physics | 0 | 6 | 1 | 0 | 55 | 46 | 89.83 | 0 | 2 | 13.83 | 32.64 |
| Science - Other | 0 | 6 | 2 | 1 | 50 | 41 | 85.00 | 1 | 3 | 14.31 | 33.71 |
| Fine Arts - Classical Music | 0 | 5 | 1 | 0 | 45 | 71 | 94.80 | 0 | 3 | 10.92 | 32.43 |
| Fine Arts - Other | 0 | 5 | 1 | 2 | 45 | 73 | 100.40 | 1 | 3 | 8.91 | 24.31 |
| Philosophy | 0 | 5 | 1 | 0 | 45 | 72 | 80.60 | 1 | 3 | 13.39 | 32.21 |
| Religion | 0 | 4 | 2 | 0 | 30 | 75 | 95.25 | 0 | 2 | 7.68 | 22.38 |
| History - European | 0 | 3 | 1 | 0 | 25 | 70 | 110.00 | 0 | 1 | 3.65 | 8.01 |
| Science - Chemistry | 0 | 3 | 1 | 0 | 25 | 72 | 83.00 | 0 | 1 | 5.86 | 14.26 |
| History - Other | 0 | 3 | 2 | 1 | 20 | 85 | 111.67 | 0 | 0 | 4.09 | 8.39 |
| Social Science | 0 | 2 | 0 | 0 | 20 | 35 | 54.50 | 1 | 1 | 7.92 | 11.81 |
| Science - Biology | 0 | 2 | 0 | 0 | 20 | 85 | 88.00 | 0 | 0 | 4.43 | 11.27 |
| Other Academic | 0 | 1 | 0 | 0 | 10 | 59 | 59.00 | 0 | 1 | 26.40 | 41.67 |
| History - American | 0 | 2 | 2 | 0 | 10 | 76 | 81.00 | 1 | 1 | 6.08 | 11.54 |
| Geography | 0 | 1 | 0 | 0 | 10 | 94 | 94.00 | 0 | 0 | 9.04 | 12.82 |
| History - World | 0 | 1 | 1 | 0 | 5 | 111 | 111.00 | 0 | 0 | 1.82 | 2.78 |
| Popular Culture | 0 | 0 | 1 | 0 | -5 | 0.00 | 0 | 0 | 0.00 | 0.00 |